[Event "9.Offene Senioren SH 2015"]
[Site "Buesum"]
[Date "2015.10.01"]
[Round "4.28"]
[White "Nickel, Juergen"]
[Black "Duemmke, Juergen"]
[Result "0-1"]
[BlackElo "2035"]
[BlackTeam "SV Grosshansdorf"]
[EventDate "2015.??.??"]
[PlyCount "66"]
[WhiteElo "1899"]
[WhiteTeam "Flensburger SK"]

1. e4 e5 2. Nf3 Nc6 3. Bb5 a6 4. Ba4 Nf6 5. O-O Nxe4 6. d4 b5 7. Bb3 d5 8. dxe5
Be6 9. c3 Be7 10. Nbd2 O-O 11. Bc2 Nxd2 12. Qxd2 Qd7 13. Qd3 g6 14. Bh6 Bf5 15.
Qe2 Rfe8 16. Rad1 Rad8 17. Rfe1 Bf6 18. Bxf5 Qxf5 19. Qd3 Qxd3 20. Rxd3 Nxe5 21.
Nxe5 Rxe5 22. Rxe5 Bxe5 23. Kf1 c5 24. Be3 d4 25. cxd4 cxd4 26. Ke2 f5 27. Bg5
Rc8 28. Kd2 Kf7 29. Ra3 Rc6 30. Rh3 h5 31. f3 d3 32. Kxd3 Bxb2 33. g4 fxg4  0-1

[Event "9.Offene Senioren SH 2015"]
[Site "Buesum"]
[Date "2015.10.01"]
[Round "4.29"]
[White "Strenzke, Guenter"]
[Black "Kluegel, Jan"]
[Result "1-0"]
[BlackElo "1882"]
[BlackTeam "SV VHS Rendsburg"]
[EventDate "2015.??.??"]
[PlyCount "64"]
[WhiteElo "2018"]
[WhiteTeam "SCC Palame"]

1. d4 d5 2. Nf3 Nf6 3. e3 c6 4. Bd3 a6 5. Nbd2 Bg4 6. b3 Nbd7 7. Bb2 e6 8. e4
dxe4 9. Nxe4 Nxe4 10. Bxe4 Qa5+ 11. c3 Nf6 12. Bd3 Qh5 13. Be2 Bd6 14. h3 Nd5
15. Rg1 Bxf3 16. Bxf3 Qg5 17. g3 O-O-O 18. h4 Qe7 19. Qe2 Ba3 20. c4 Qb4+ 21.
Kf1 Ne7 22. Kg2 Nf5 $145 23. Rgd1 Rhe8 24. Qc2 Bxb2 25. Qxb2 Ne7 26. a3 Qb6 27.
b4 Kb8 28. Rd2 Rd7 29. a4 a5 30. b5 Red8 31. c5 Qc7 32. b6 Qxg3+  1-0

[Event "9.Offene Senioren SH 2015"]
[Site "Buesum"]
[Date "2015.10.01"]
[Round "4.32"]
[White "Schnaitmann, Herbert"]
[Black "Krneta, Slavko"]
[Result "1-0"]
[BlackElo "1871"]
[BlackTeam "FG Wohlde"]
[EventDate "2015.??.??"]
[PlyCount "95"]
[WhiteElo "1995"]
[WhiteTeam "SC Grunbach"]

1. Nc3 e6 2. Nf3 d5 3. e4 Nf6 4. Qe2 Be7 5. d3 O-O 6. e5 Nfd7 7. h4 c5 8. Bf4
Qb6 9. O-O-O Nc6 10. Kb1 Qa5 11. Bd2 Qc7 12. Bf4 a6 13. g3 b5 14. Nxd5 exd5 15.
e6 Bd6 16. exd7 Bxd7 17. Bxd6 Qxd6 18. Ng5 Nd4 19. Qh5 Qg6 20. Qxg6 fxg6 21. Bg2
Bc6 22. Rhf1 Rae8 23. c3 Nf5 24. Nh3 Ba8 25. Nf4 Re5 26. d4 cxd4 27. cxd4 Re4
28. Bxe4 dxe4 29. d5 e3 30. Rd3 Re8 31. fxe3 Nxg3 32. Rc1 Nf5 33. Rc7 Nxh4 34.
Ne6 Nf5 35. e4 Ne7 36. Rf3 h5 37. Rxe7 Rxe7 38. Rf8+ Kh7 39. Rxa8 h4 40. Kc2 g5
41. Nxg5+ Kg6 42. Ne6 Kf6 43. Rh8 g5 44. Rh6+ Ke5 45. Nxg5 Kf4 46. d6 Re8 47. d7
Rd8 48. Ne6+  1-0

[Event "9.Offene Senioren SH 2015"]
[Site "Buesum"]
[Date "2015.10.01"]
[Round "4.33"]
[White "Kuehn, Peter"]
[Black "Jung, Michael"]
[Result "1/2-1/2"]
[BlackElo "1828"]
[BlackTeam "SV Osnabrueck"]
[EventDate "2015.??.??"]
[PlyCount "108"]
[WhiteElo "1985"]
[WhiteTeam "SV Malchow"]

1. e4 d5 2. exd5 Qxd5 3. Nc3 Qa5 4. d4 Nf6 5. Bd2 c6 6. Bc4 Bg4 7. f3 Bh5 8.
Nge2 e6 9. g4 Bg6 10. h4 h6 11. Nf4 Qc7 12. Nxg6 Qg3+ 13. Kf1 fxg6 14. Qe2 Be7
15. Bxe6 Nbd7 16. Re1 O-O-O 17. Qg2 Qd6 18. Qf2 Rhf8 19. d5 cxd5 20. Qxa7 Qc5
21. Qxc5+ Bxc5 22. Nxd5 Nxd5 23. Bxd5 Nf6 24. Be6+ Kb8 25. Bf4+ Ka8 26. Be3 Bd6
27. Kg2 Rfe8 28. Bb6 Rb8 29. c4 Re7 30. Bd5 Rbe8 31. Rxe7 Rxe7 32. Kf2 Bf4 33.
a4 Nd7 34. Bd4 Kb8 35. Rd1 Kc7 36. Rd3 Nf6 37. a5 Nxd5 38. cxd5 Kd6 39. b4 Rc7
40. Bc5+ Kd7 41. Rd4 g5 42. hxg5 Bxg5 43. Re4 Rc8 44. f4 Bf6 45. Re6 Re8 46. f5
Rh8 47. a6 bxa6 48. Rxa6 Kc7 49. d6+ Kb7 50. Ra7+ Kc6 51. Kf3 h5 52. gxh5 Rxh5
53. Kg4 Rh4+ 54. Kg3 Rh5  1/2-1/2

[Event "9.Offene Senioren SH 2015"]
[Site "Buesum"]
[Date "2015.10.01"]
[Round "4.34"]
[White "Westphal-Stubbe, Siegbert"]
[Black "Riek, Wolfgang"]
[Result "0-1"]
[BlackElo "1982"]
[BlackTeam "SC Muelheim"]
[EventDate "2015.??.??"]
[PlyCount "112"]
[WhiteElo "1822"]
[WhiteTeam "SG Ploener See"]

1. d4 d5 2. c4 e6 3. Nc3 c6 4. a3 Bd6 5. e3 a5 6. Nf3 Nd7 7. Bd3 Ngf6 8. O-O b6
9. cxd5 cxd5 10. Bd2 O-O 11. Rc1 Bb7 12. Nb5 Qe7 13. Nxd6 Qxd6 14. Re1 Rfc8 15.
Bc3 $146 Ne4 16. Bxe4 dxe4 17. Nd2 f5 18. g3 b5 19. b4 a4 20. Qe2 Qd5 21. Nb1
Nb6 22. Ba1 Nc4 23. Nc3 Qd7 24. Qa2 h6 25. Re2 Bd5 26. Nxd5 exd5 27. Rc3 g5 28.
Kg2 Ra6 29. Bb2 f4 30. exf4 gxf4 31. f3 exf3+ 32. Rxf3 Ne3+ 33. Kg1 Qg4 34. Ref2
Rg6 35. Qb1 fxg3 36. Rxg3 Qd1+ 37. Qxd1 Rxg3+ 38. hxg3 Nxd1 39. Rd2 Nxb2 40.
Rxb2 Rc3 41. Ra2 Rxg3+ 42. Kf2 Rd3 43. Ra1 Rxd4 44. Ke3 Rg4 45. Rh1 Kg7 46. Rh5
Rg5 47. Rh3 Kg6 48. Kd4 h5 49. Kc5 d4+ 50. Kxd4 Rg4+ 51. Kc5 Rg5+ 52. Kd4 Kf5
53. Rc3 h4 54. Re3 Kg4 55. Re4+ Kh3 56. Re3+ Rg3  0-1

[Event "9.Offene Senioren SH 2015"]
[Site "Buesum"]
[Date "2015.10.01"]
[Round "4.35"]
[White "Juenger, Leonhard"]
[Black "Gudat, Alfons"]
[Result "1-0"]
[BlackElo "1969"]
[BlackTeam "SK Oldenburg"]
[EventDate "2015.??.??"]
[PlyCount "101"]
[WhiteElo "1826"]
[WhiteTeam "Aachener SV"]

1. e4 c5 2. Nc3 Nc6 3. f4 d6 4. Nf3 e6 5. Bc4 Nf6 6. d3 Be7 7. O-O O-O 8. Qe1
Nd4 9. Nxd4 cxd4 10. Ne2 d5 11. exd5 exd5 12. Bb3 Re8 13. h3 Bd6 14. Qf2 Bd7 15.
Bd2 a5 16. a4 Bc5 17. Kh1 Qb6 18. Ng1 Bf5 19. Qg3 h6 20. Rae1 Bb4 21. Bxb4 Qxb4
22. Re5 Bd7 23. Qe1 Qc5 24. Qd2 b5 25. Ra1 bxa4 26. Bxa4 Bxa4 27. Rxa4 Reb8 28.
b3 Nd7 29. Re2 Nb6 30. Ra1 a4 31. bxa4 Nxa4 32. Nf3 Nc3 33. Rxa8 Rxa8 34. Re1
Ra2 35. Rc1 Nb5 36. Kh2 Nd6 37. g4 Nb5 38. Kg2 Na3 39. Ne1 Qe7 40. Nf3 Qe3 41.
Qxe3 dxe3 42. Nd4 e2 43. Kf2 Rb2 44. Kxe2 Rb4 45. Ke3 Nb1 46. c4 dxc4 47. dxc4
Rb8 48. c5 Na3 49. c6 Rc8 50. Rc3 Nb1 51. Rb3  1-0

[Event "9.Offene Senioren SH 2015"]
[Site "Buesum"]
[Date "2015.10.01"]
[Round "4.36"]
[White "Hagermann, Hermann"]
[Black "Brandt, Fred"]
[Result "1/2-1/2"]
[BlackElo "1839"]
[BlackTeam "Koenigsjaeger Sued-West"]
[EventDate "2015.??.??"]
[PlyCount "89"]
[WhiteElo "1949"]
[WhiteTeam "SV Erkenschwick"]

1. e4 e5 2. Nf3 Nc6 3. d4 exd4 4. Nxd4 Nxd4 5. Qxd4 Qf6 6. Be3 Qxd4 7. Bxd4 b6
8. Nc3 c5 9. Be5 d6 10. Bb5+ Bd7 11. Bxd7+ Kxd7 12. O-O-O Kc6 13. Bg3 Nf6 14. h3
Be7 15. Rhe1 Rhe8 16. f3 h6 17. Nd5 Nxd5 18. Rxd5 f6 19. Red1 Rad8 20. R1d3 g6
21. h4 Kc7 22. Kd2 Kc6 23. h5 g5 24. Bh2 Rg8 25. g4 Rge8 26. c4 Bf8 27. a3 Re6
28. a4 a5 29. b3 Kc7 30. Re3 Rde8 31. Kd3 Bg7 32. Bg3 Rd8 33. Ke2 Bf8 34. f4 Bg7
35. Kf3 Ree8 36. Red3 Bf8 37. Rf5 Re6 38. fxg5 fxg5 39. Rdd5 Bg7 40. Bh2 Rd7 41.
e5 dxe5 42. Rxd7+ Kxd7 43. Rf7+ Re7 44. Rxe7+ Kxe7 45. Ke4  1/2-1/2

[Event "9.Offene Senioren SH 2015"]
[Site "Buesum"]
[Date "2015.10.01"]
[Round "4.37"]
[White "Bordasch, Christian"]
[Black "Pamperin, Gerhard"]
[Result "1/2-1/2"]
[BlackElo "1948"]
[BlackTeam "SF Schwerin"]
[EventDate "2015.??.??"]
[PlyCount "96"]
[WhiteElo "1798"]
[WhiteTeam "SK Norderstedt"]

1. d4 d5 2. c4 c6 3. Nc3 Nf6 4. Nf3 h6 5. Bf4 Bf5 6. h3 e6 7. e3 Nbd7 8. Rc1 Ne4
9. Nxe4 Bxe4 10. Nd2 Qa5 11. a3 Be7 12. Rc3 Nf6 13. b4 Qd8 14. Nxe4 Nxe4 15. Rc2
O-O 16. Bd3 f5 17. O-O a5 18. c5 axb4 19. axb4 b5 20. Bxe4 dxe4 21. Rc1 Ra4 22.
Qb3 Qd5 23. Rb1 Rfa8 24. Qxd5 exd5 25. Bc7 Kf7 26. Ba5 Ke6 27. g3 g5 28. Kg2 Ra2
29. Kg1 h5 30. Rfe1 Bf6 31. Ra1 Rxa1 32. Rxa1 f4 33. Rf1 f3 34. Rb1 Kd7 35. Kf1
Ke6 36. Ke1 g4 37. h4 Rg8 38. Bc7 Rg7 39. Bf4 Ra7 40. Kf1 Kd7 41. Ke1 Bd8 42.
Kd1 Ra2 43. Ke1 Kc8 44. Bd6 Kb7 45. Be5 Rc2 46. Bd6 Bc7 47. Bxc7 Kxc7 48. Kf1
Kb7  1/2-1/2

[Event "9.Offene Senioren SH 2015"]
[Site "Buesum"]
[Date "2015.10.01"]
[Round "4.38"]
[White "Bars, Joachim"]
[Black "Lueders, Guenter"]
[Result "0-1"]
[BlackElo "1796"]
[BlackTeam "TSV Benshausen"]
[EventDate "2015.??.??"]
[PlyCount "141"]
[WhiteElo "1945"]
[WhiteTeam "SV Heessen"]

1. d4 d5 2. c4 e6 3. Nf3 Nf6 4. Nc3 Be7 5. Qb3 O-O 6. Bg5 dxc4 7. Qxc4 a6 8. e3
Nbd7 9. Be2 Nb6 10. Qb3 Bd7 11. O-O Nfd5 12. Nxd5 exd5 13. Bf4 Be6 14. Rac1 Bd6
15. Bg3 Bxg3 16. hxg3 Rb8 17. Ne5 Nd7 18. Nd3 c6 19. Qa3 Re8 20. Nc5 Nxc5 21.
Qxc5 h6 22. a4 Qe7 23. a5 Qxc5 24. dxc5 Bd7 25. Bf3 Bf5 26. Rfd1 Kf8 27. Rd4 Kg8
28. Rc3 Re7 29. Rb4 Rc8 30. Rb6 Rcc7 31. Rcb3 Kh8 32. R3b4 Bd3 33. Rd4 Bb5 34.
e4 dxe4 35. Bxe4 g6 36. Bd3 Re1+ 37. Kh2 Rd1 38. Bxb5 Rxd4 39. Be2 Ra4 40. b4
Ra2 41. Bf3 Rxf2 42. g4 Rxf3 43. gxf3 g5 44. Kg3 Kg7 45. f4 Kf6 46. Kf3 Ke6 47.
Ke4 gxf4 48. Kxf4 Kf6 49. Kg3 Kg5 50. Kf3 f5 51. gxf5 Kxf5 52. b5 axb5 53. a6
bxa6 54. Rxa6 Ke5 55. Ra8 Kd5 56. Rh8 Kxc5 57. Rxh6 Kb4 58. Ke2 c5 59. Kd2 c4
60. Kc2 Rf7 61. Rh2 Rf3 62. Rg2 c3 63. Rg4+ Ka5 64. Kb3 Re3 65. Rg8 c2+ 66. Kxc2
Kb4 67. Rh8 Ra3 68. Rg8 Ra2+ 69. Kb1 Rh2 70. Rg4+ Ka3 71. Rg3+ { Rest nicht
rekonstruirbar} 0-1

[Event "9.Offene Senioren SH 2015"]
[Site "Buesum"]
[Date "2015.10.01"]
[Round "4.39"]
[White "Schencke, Guenther"]
[Black "Raessler, Arndt"]
[Result "0-1"]
[BlackElo "1944"]
[BlackTeam "ASV Wismar"]
[EventDate "2015.??.??"]
[PlyCount "114"]
[WhiteElo "1788"]
[WhiteTeam "SV Hankensbuettel"]

1. d4 Nf6 2. c4 g6 3. Nc3 d5 4. Nf3 Bg7 5. Bf4 c6 6. e3 O-O 7. h3 a6 8. Bd3 dxc4
9. Bxc4 e6 10. Qc2 Nd5 11. O-O Nxf4 12. exf4 Bxd4 13. Rad1 c5 14. Nxd4 cxd4 15.
Ne2 Nc6 16. Nxd4 Nxd4 17. Qe4 Qc7 18. Qxd4 b5 19. Bb3 Bb7 20. Qd6 Qc6 21. Qxc6
Bxc6 22. Rd6 Rac8 23. Rc1 Bb7 24. Rxc8 Bxc8 25. Bd1 Kg7 26. Bf3 Kf6 27. g4 Ke7
28. Rd2 Rd8 29. Rc2 Bd7 30. Kf1 Rc8 31. Rxc8 Bxc8 32. Ke2 Kd6 33. b4 e5 34.
fxe5+ Kxe5 35. Ke3 h6 36. h4 f5 37. gxf5 gxf5 38. Ba8 f4+ 39. Kd3 Bf5+ 40. Ke2
Be4 41. Bxe4 Kxe4 42. a3 f3+ 43. Kd2 h5 44. Kc2 Kf4 45. Kd3 Kg4 46. Ke3 Kxh4 47.
Kxf3 Kg5 48. Kg3 h4+ 49. Kh3 Kf4 50. Kxh4 Kf3 51. Kg5 Kxf2 52. Kf4 Ke2 53. Ke4
Kd2 54. Kd4 Kc2 55. Kc5 Kb3 56. Kb6 Kxa3 57. Kxa6 Kxb4  0-1

[Event "9.Offene Senioren SH 2015"]
[Site "Buesum"]
[Date "2015.10.01"]
[Round "4.40"]
[White "Wittkugel, Friedhelm"]
[Black "Stratmann, Dietrich"]
[Result "1-0"]
[BlackElo "1677"]
[BlackTeam "SC Northeim"]
[EventDate "2015.??.??"]
[PlyCount "120"]
[WhiteElo "1944"]
[WhiteTeam "SV Kamen"]

1. d4 Nf6 2. Bg5 e6 3. e4 h6 4. Bxf6 Qxf6 5. Nf3 Bb4+ 6. c3 Be7 7. Bd3 d6 8. Qe2
e5 9. h3 Bd7 10. Nbd2 a6 11. Nf1 c6 12. Ne3 b5 13. Qd2 c5 14. dxe5 dxe5 15. Nd5
Qd6 16. Rd1 Be6 17. Qe2 Bxd5 18. exd5 Nd7 19. c4 b4 20. Bf5 Bf6 21. O-O Ra7 22.
Rfe1 O-O 23. Bc2 Re8 24. Nd2 Qb8 25. Ne4 Be7 26. b3 Bd6 27. Qh5 Qd8 28. Nxd6 Nf6
29. Nxf7 Rxf7 30. Qg6 Qd6 31. Bf5 Kf8 32. Be6 Rfe7 33. Qf5 Rxe6 34. dxe6 Qxe6
35. Qxe6 Rxe6 36. Rd8+ Ke7 37. Rc8 Nd7 38. Rd1 Rd6 39. Rxd6 Kxd6 40. Rg8 e4 41.
Rxg7 Ne5 42. Ra7 Nd3 43. Rxa6+ Ke5 44. Kf1 Kd4 45. Rxh6 Kc3 46. g4 Nc1 47. Ra6
Kb2 48. g5 Nxa2 49. Rxa2+ Kxa2 50. g6 Kxb3 51. g7 Kc3 52. g8=Q b3 53. Qg7+ Kc2
54. Qe5 b2 55. Qxe4+ Kc1 56. h4 b1=Q 57. Qxb1+ Kxb1 58. Ke2 Kc2 59. h5 Kc3 60.
h6 Kxc4  1-0

[Event "9.Offene Senioren SH 2015"]
[Site "Buesum"]
[Date "2015.10.01"]
[Round "4.41"]
[White "Josting, Friedel"]
[Black "Bachmann, Friedrich"]
[Result "1-0"]
[BlackElo "1675"]
[BlackTeam "SC Bad Salzdetfurth"]
[EventDate "2015.??.??"]
[PlyCount "41"]
[WhiteElo "1942"]
[WhiteTeam "SG Buende"]

1. d4 d5 2. Bf4 e6 3. e3 Nf6 4. Nd2 Be7 5. h3 a6 6. a4 c6 7. Ngf3 Bd6 8. Bg5 h6
9. Bxf6 gxf6 10. Bd3 Rg8 11. Kf1 e5 12. e4 Qc7 13. c4 exd4 14. cxd5 Bg3 15. Qe2
Be5 16. Rc1 Qb6 17. Nc4 Qc7 18. Nfxe5 fxe5 19. Qh5 Nd7 20. Qxh6 Ke7 21. d6+  1-0

[Event "9.Offene Senioren SH 2015"]
[Site "Buesum"]
[Date "2015.10.01"]
[Round "4.42"]
[White "Dachrodt, Heinz-Guenther"]
[Black "Fuss, Jan"]
[Result "1-0"]
[BlackElo "1936"]
[BlackTeam "Herforder SV Koenigsspringer"]
[EventDate "2015.??.??"]
[PlyCount "87"]
[WhiteElo "1772"]
[WhiteTeam "Sport Union Annen"]

1. e4 e5 2. Nf3 Nc6 3. Bb5 a6 4. Bxc6 dxc6 5. d4 exd4 6. Qxd4 Be6 7. Qxd8+ Rxd8
8. O-O h6 9. Be3 Nf6 10. Nbd2 Be7 11. Bf4 Rd7 12. Ne5 Rd4 13. c3 Rd8 14. Nef3
Rc8 15. Nd4 Bd7 16. Nc4 c5 17. Nc2 O-O 18. f3 Bb5 19. N2a3 Bd7 20. Ne3 Nh5 21.
Be5 f6 22. Bg3 Nxg3 23. hxg3 Bd6 24. g4 Be6 25. Nac4 Bf4 26. Nd5 Bxd5 27. exd5
Rfe8 28. Rfe1 Kf7 29. Kf1 b5 30. Na5 Bg3 31. Rxe8 Rxe8 32. Nb3 Bd6 33. Na5 Re5
34. Rd1 Kg6 35. b3 Re3 36. c4 Bg3 37. Nb7 Bd6 38. Re1 Rxe1+ 39. Kxe1 Kg5 40.
Nxd6 cxd6 41. cxb5 axb5 42. a4 c4 43. a5 cxb3 44. Kd2  1-0

[Event "9.Offene Senioren SH 2015"]
[Site "Buesum"]
[Date "2015.10.01"]
[Round "4.43"]
[White "Hilbig, Klaus"]
[Black "Meinke, Dietlind"]
[Result "1-0"]
[BlackElo "1931"]
[BlackTeam "MTV Leck"]
[EventDate "2015.??.??"]
[PlyCount "105"]
[WhiteElo "1726"]
[WhiteTeam "Ahrensburger TSV"]

1. d4 Nf6 2. Nf3 e6 3. Nbd2 b6 4. e4 d6 5. Bd3 Bb7 6. O-O Be7 7. e5 dxe5 8. dxe5
Nd5 9. Be4 Nc6 10. c3 Nf4 11. Qa4 Ne2+ 12. Kh1 Qd7 13. Nc4 O-O-O 14. Be3 Nxe5
15. Qxd7+ Nxd7 16. Bd3 Bxf3 17. gxf3 Nxc3 18. bxc3 Bf6 19. Bd4 e5 20. Be3 Rhe8
21. Be4 Nf8 22. Rfd1 g6 23. Na3 a6 24. c4 Ne6 25. Bc6 Re7 26. Rxd8+ Nxd8 27. Be4
Rd7 28. Nc2 Be7 29. Ne1 f5 30. Bc2 f4 31. Bc1 Bb4 32. Bb2 Bxe1 33. Rxe1 Rd2 34.
Rc1 Rxf2 35. Bxe5 Ne6 36. Bb3 Rxf3 37. Rd1 Re3 38. Bf6 Nc5 39. Bd4 Re6 40. Bxc5
bxc5 41. Kg2 Re5 42. Kf3 g5 43. Kg4 h6 44. Ba4 Re4 45. Bb3 Re5 46. Rd2 Re3 47.
Rf2 Kd7 48. Ba4+ Ke6 49. Bc6 Kf6 50. Bd5 Kg6 51. Bf3 Rxf3 52. Kxf3 Kf5 53. h3 
1-0

[Event "9.Offene Senioren SH 2015"]
[Site "Buesum"]
[Date "2015.10.01"]
[Round "4.44"]
[White "Mewes, Hans-Dieter"]
[Black "Priss, Klaus-Peter"]
[Result "1-0"]
[BlackElo "1603"]
[BlackTeam "Wyker TB"]
[EventDate "2015.??.??"]
[PlyCount "119"]
[WhiteElo "1929"]
[WhiteTeam "TV Meckelfeld"]

1. c4 Nf6 2. g3 e6 3. Bg2 g6 4. b3 c6 5. Bb2 Bg7 6. e3 O-O 7. Ne2 d5 8. O-O Na6
9. d3 Nc5 10. Nbc3 Ncd7 11. Rc1 Ng4 12. h3 Nh6 13. Qc2 f5 14. Rfe1 Nf6 15. a4 a5
16. c5 Qc7 17. d4 Bd7 18. Nf4 Rf7 19. Nd3 Nh5 20. Ne2 Bf6 21. Ne5 Bxe5 22. dxe5
Raf8 23. Bf3 Ng7 24. Nf4 Qd8 25. Kg2 g5 26. Nd3 g4 27. hxg4 fxg4 28. Bd1 Qg5 29.
Nf4 Nhf5 30. Qe2 h5 31. Rh1 Nh6 32. Bc3 Ra8 33. Bc2 Nhf5 34. Qd3 h4 35. Rcg1 h3+
36. Kh2 Raf8 37. Rf1 Nh5 38. Rhg1 Rg7 39. Bxa5 Nxf4 40. exf4 Qh5 41. Bd1 Be8 42.
f3 Nh6 43. fxg4 Nxg4+ 44. Bxg4 Qxg4 45. Qf3 Bh5 46. Qxg4 Bxg4 47. Bc3 Rh7 48.
Bd4 Rg7 49. b4 Bf5 50. Rf2 Kf7 51. Rb2 Ke7 52. b5 Kd7 53. bxc6+ Kxc6 54. Rb6+
Kc7 55. Ra1 Rfg8 56. Ra3 Kb8 57. a5 Kc7 58. Rab3 Rb8 59. c6 Kc8 60. a6  1-0

[Event "9.Offene Senioren SH 2015"]
[Site "Buesum"]
[Date "2015.10.01"]
[Round "4.45"]
[White "Weck, Uwe"]
[Black "Lehr, Thomas"]
[Result "1/2-1/2"]
[BlackElo "1924"]
[BlackTeam "Husumer SV"]
[EventDate "2015.??.??"]
[PlyCount "117"]
[WhiteElo "1697"]
[WhiteTeam "SK Kaltenkirchen"]

1. Nf3 Nf6 2. c4 d6 3. Nc3 e5 4. d3 c6 5. e4 Be7 6. Bg5 a5 7. h3 Nfd7 8. Be3 Na6
9. d4 O-O 10. Be2 Re8 11. d5 Nf8 12. a3 Bd7 13. Na4 c5 14. O-O f5 15. exf5 Bxf5
16. Nc3 h6 17. Nh2 Bg5 18. Bg4 Qf6 19. Bxf5 Qxf5 20. Bxg5 Qxg5 21. Ne4 Qg6 22.
Re1 Nc7 23. Re3 b5 24. b3 Ra6 25. Qe2 bxc4 26. Rg3 Qf5 27. Ng4 Kh8 28. bxc4 Rb8
29. Rf3 Qg6 30. Rg3 Qf5 31. Qe3 Qf4 32. Rf3 Qxe3 33. fxe3 h5 34. Ngf2 Kg8 35.
Ng5 Rab6 36. Nfe4 Ne8 37. Raf1 Nd7 38. Rg3 Ndf6 39. Nxf6+ gxf6 40. Ne4+ Kf7 41.
Nxf6 Nxf6 42. Rgf3 Rg8 43. Rxf6+ Ke7 44. Rf7+ Ke8 45. Ra7 Rg3 46. Rxa5 Rxe3 47.
Ra7 Rg3 48. a4 Rb2 49. Rf2 Rxf2 50. Kxf2 Rc3 51. a5 Rxc4 52. a6 Ra4 53. g4 hxg4
54. hxg4 Kf8 55. g5 Kg8 56. g6 Ra3 57. Ke2 c4 58. Kd2 e4 59. Rc7  1/2-1/2

[Event "9.Offene Senioren SH 2015"]
[Site "Buesum"]
[Date "2015.10.01"]
[Round "4.46"]
[White "Petersen, Kay"]
[Black "Opitz, Christian"]
[Result "0-1"]
[BlackElo "2016"]
[BlackTeam "SK Radolfzell"]
[EventDate "2015.??.??"]
[PlyCount "116"]
[WhiteElo "1746"]
[WhiteTeam "Heikendorfer SV"]

1. e4 e5 2. Nf3 Nc6 3. d4 exd4 4. Nxd4 Bc5 5. Be3 Bb6 6. c3 d6 7. Nd2 Nf6 8. Bb5
Bd7 9. O-O O-O 10. Bd3 Re8 11. Nc2 Ne5 12. Be2 Bc6 13. Bxb6 axb6 14. f3 Ng6 15.
Nb4 d5 16. Nxc6 bxc6 17. Bd3 Qd6 18. Kh1 Rad8 19. Bc2 dxe4 $146 20. Nxe4 Nxe4
21. Bxe4 Qf4 22. Qb3 Rd2 23. Rad1 Red8 24. Rxd2 Rxd2 25. Rd1 Qe3 26. h3 Nf4 27.
Rxd2 Qxd2 28. Qc2 Qe1+ 29. Kh2 Ne2 30. Qb1 Qg3+ 31. Kh1 Nf4 32. Qf1 c5 33. b3 h5
34. c4 h4 35. a3 Qg5 36. Qf2 Nh5 37. Qc2 Ng3+ 38. Kg1 Qe3+ 39. Kh2 Ne2 40. Qb1
Nd4 41. Bd3 Qd2 42. Be4 Qc3 43. Qd1 g6 44. g3 Qb2+ 45. Kh1 hxg3 46. Qg1 Qf2 47.
Qxf2 gxf2 48. Kg2 Nxb3 49. Kxf2 Kg7 50. a4 Kf6 51. h4 Nd4 52. Kg3 Nf5+ 53. Kg4
Ne3+ 54. Kf4 Nxc4 55. Bd5 Nd6 56. Ke3 Nf5+ 57. Ke4 Nxh4 58. f4 Nf5  0-1

[Event "9.Offene Senioren SH 2015"]
[Site "Buesum"]
[Date "2015.10.01"]
[Round "4.47"]
[White "Hellwege, Werner"]
[Black "Potschka, Dieter"]
[Result "1-0"]
[BlackElo "1791"]
[BlackTeam "VfL Geesthacht"]
[EventDate "2015.??.??"]
[PlyCount "97"]
[WhiteElo "1976"]
[WhiteTeam "SK Lister Turm"]

1. d4 e6 2. c4 d5 3. Nf3 Nf6 4. Nc3 a6 5. cxd5 exd5 6. e3 Be7 7. Bd3 Bg4 8. h3
Bh5 9. O-O c6 10. a3 Nbd7 11. b3 b5 12. Bb2 c5 13. e4 cxd4 14. Nxd5 Nxd5 15.
exd5 Nf6 16. Bxd4 Bxf3 17. Qxf3 Qxd5 18. Qxd5 Nxd5 19. Bxg7 Rg8 20. Bb2 Nf4 21.
Be4 Rc8 22. Kh2 h5 23. g3 Ne6 24. b4 h4 25. g4 Bd6+ 26. Kg1 Rc4 27. Rfe1 Kf8 28.
Rad1 Be7 29. Bh7 Rg5 30. Bc1 Nf4 31. Kh2 Rd5 32. Rxd5 Nxd5 33. Bh6+ Ke8 34. Bg5
Kf8 35. Bxe7+ Nxe7 36. Be4 Rd4 37. Re3 Rd6 38. Kg2 Nc8 39. f4 Nb6 40. g5 Nc4 41.
Rc3 a5 42. Bd3 axb4 43. axb4 Ne3+ 44. Kf3 Nd5 45. Rc8+ Ke7 46. Bxb5 Rb6 47. Re8+
Kd6 48. Rd8+ Ke6 49. Bc4  1-0

[Event "9.Offene Senioren SH 2015"]
[Site "Buesum"]
[Date "2015.10.01"]
[Round "4.48"]
[White "Garms, Ilse"]
[Black "Zimmermann, Manfred"]
[Result "1/2-1/2"]
[BlackElo "1957"]
[BlackTeam "Kieler SG"]
[EventDate "2015.??.??"]
[PlyCount "142"]
[WhiteElo "1745"]
[WhiteTeam "ESV Eberswalde"]

1. d4 Nf6 2. c4 e6 $146 3. Nf3 b6 4. e3 Bb7 5. Bd3 d6 6. Nc3 Nbd7 7. O-O Be7 8.
Re1 c5 9. e4 cxd4 10. Nxd4 Nc5 11. Bc2 a6 12. Bg5 h6 13. Bxf6 Bxf6 14. Nf3 Qc7
15. Rb1 O-O 16. Qd2 Nd7 17. Bd3 Rfd8 18. Rbc1 Rac8 19. Ne2 Ne5 20. Ned4 Nxd3 21.
Qxd3 Qc5 22. Nb3 Qc7 23. Rc2 d5 24. exd5 exd5 25. c5 b5 26. Nfd4 Re8 27. Rd1
Rcd8 28. Qf3 Bc8 29. Nf5 Qe5 30. Ng3 Qg5 31. h3 Re5 32. Re2 Rde8 33. Rxd5 Qg6
34. Rdxe5 Bxe5 35. Qe4 Qxe4 36. Rxe4 Bd7 37. Re2 Kf8 38. Rd2 Bc8 39. Ne2 Bc7 40.
f4 Re4 41. Kf2 g6 42. Rd4 Re6 $146 43. Nd2 f5 44. b4 a5 45. a3 axb4 46. axb4 Ke8
47. Nc3 Bd7 48. g3 Bd8 49. Nd5 Ra6 50. Rd3 Ra2 51. Ke3 Bc6 $146 52. Nc3 Rb2 53.
Rd6 Bg2 54. Rxg6 Bxh3 55. Rxh6 Bg4 56. Nxb5 Rxb4 57. Nd6+ Kd7 58. Nf7 Kc7 59.
Ne5 Ra4 60. Ndc4 Ra1 61. Rc6+ Kb8 62. Nxg4 fxg4 63. Rg6 Rc1 64. Kd4 Rd1+ 65. Kc3
Rc1+ 66. Kb3 Rb1+ 67. Kc2 Rb5 68. Rxg4 Rxc5 69. Kd3 Bf6 70. Ne5 Bxe5 71. fxe5
Rxe5 { Remis im 80. Zug  ( Anm.: nicht rekonstruierbar )} 1/2-1/2

[Event "9.Offene Senioren SH 2015"]
[Site "Buesum"]
[Date "2015.10.01"]
[Round "4.49"]
[White "Schmidt, Reinhard"]
[Black "Riha, Peter"]
[Result "1-0"]
[BlackElo "1787"]
[BlackTeam "Schleswiger SV von 1919"]
[EventDate "2015.??.??"]
[PlyCount "0"]
[WhiteElo "1919"]
[WhiteTeam "SFO Warnemuende"]

1. e4 e5 2. Bc4 Nf6 3. d3 Nc6 4. Ne2 d5 5. exd5 Nxd5 6. O-O Nb6 7. Bb3 Bd6 8.
Nbc3 Na5 9. f4 Nxb3 10. axb3 exf4 11. Bxf4 Bxf4 12. Rxf4 O-O 13. Qf1 c5 14. Qf3
Nd7 15. Ne4 Qc7 16. N2c3 Ne5 17. Qe3 Ng6 18. Rf2 b6 19. Raf1 Bb7 20. Qh3 h6 21.
Nb5 Qe7 22. Ned6 Bd5 23. Nf5 Qb7 24. Qg3 Nh8 25. Qxg7#  1-0

[Event "9.Offene Senioren SH 2015"]
[Site "Buesum"]
[Date "2015.10.01"]
[Round "4.50"]
[White "Moeller, Peter"]
[Black "Gehrmann, Dorit"]
[Result "1/2-1/2"]
[BlackElo "1915"]
[BlackTeam "SV Eutin"]
[EventDate "2015.??.??"]
[PlyCount "81"]
[WhiteElo "1735"]
[WhiteTeam "ASV Wismar"]

1. d4 d5 2. Bf4 Nf6 3. Nf3 e6 4. e3 Bd6 5. Ne5 O-O 6. Be2 c5 7. dxc5 Bxc5 8. O-O
Nc6 9. Nd3 Bd6 10. Bxd6 Qxd6 11. Nd2 b6 12. a3 Bb7 13. c3 Ne7 14. Ne1 Rfd8 15.
Qc2 Nf5 16. Rd1 Qc6 17. Qb3 Rac8 18. Bb5 Qc7 19. Qa4 e5 20. Ba6 Bxa6 21. Qxa6
Ng4 22. Qe2 Nf6 23. Nc2 g6 24. Nb4 Kg7 25. e4 dxe4 26. Nxe4 Nxe4 27. Qxe4 f6 28.
Na6 Qe7 29. Nb4 Nd6 30. Qc2 Rd7 31. Rd2 Nc4 32. Rxd7 Qxd7 33. Rd1 Qe6 34. Qc1
Rc7 35. Nc2 Qg4 36. f3 Qe6 37. Ne3 Nxe3 38. Qxe3 Qc6 39. Qd2 Qc5+ 40. Kh1 Qc4
41. Kg1  1/2-1/2

[Event "9.Offene Senioren SH 2015"]
[Site "Buesum"]
[Date "2015.10.01"]
[Round "4.51"]
[White "Wulf, Adalbert"]
[Black "Van Houten, Henk"]
[Result "0-1"]
[BlackElo "1729"]
[BlackTeam "SC Gronau"]
[EventDate "2015.??.??"]
[PlyCount "56"]
[WhiteElo "1914"]
[WhiteTeam "SV Ennigerloh-Oelde"]

1. d4 d5 2. Nc3 Nf6 3. Bf4 a6 4. h3 e6 5. e3 Bd6 6. Nge2 Nbd7 7. Bxd6 cxd6 8.
Ng3 b5 9. Bd3 Bb7 10. O-O Qb8 11. a3 g6 12. Re1 h5 13. a4 bxa4 14. Nxa4 Qc7 15.
c3 h4 16. Nf1 Ke7 17. Nd2 Ne4 18. f3 Nxd2 19. Qxd2 Rh5 20. e4 Rg8 21. Qe2 dxe4
22. Bxe4 d5 23. Bd3 Rg5 24. Qf2 Rg3 25. Qe3 g5 26. Bf5 Qf4 27. Kf2 Qxf5 28. b3
g4  0-1